Central Library OPAC University of Rajshahi

Capitalism and the historians / (Record no. 1825)

MARC details
000 -LEADER
fixed length control field 00915cam a22002891 4500
001 - CONTROL NUMBER
control field 1825
003 - CONTROL NUMBER IDENTIFIER
rucl marc code BD-RjUL
005 - DATE AND TIME OF LATEST TRANSACTION
control field 20211208233424.0
008 - FIXED-LENGTH DATA ELEMENTS--GENERAL INFORMATION
fixed length control field 730102s1954 ilu b 000 0 eng
020 ## - INTERNATIONAL STANDARD BOOK NUMBER
International Standard Book Number 0226320723
035 ## - SYSTEM CONTROL NUMBER
System control number (BD-RjUL)1852
040 ## - CATALOGING SOURCE
Original cataloging agency DLC
Transcribing agency DLC
Modifying agency DLC
-- BD-RjUL
Language of cataloging eng
041 ## - LANGUAGE CODE
Language code of text/sound track or separate title eng
082 00 - DEWEY DECIMAL CLASSIFICATION NUMBER
Classification number 330.15
Edition number 19
Author mark and year HAC 1954
100 1# - MAIN ENTRY--PERSONAL NAME
Personal name Hayek, Friedrich A. von
Fuller form of name (Friedrich August),
Dates associated with a name 1899-1992,
9 (RLIN) 3508
245 10 - TITLE STATEMENT
Title Capitalism and the historians /
Statement of responsibility, etc. essays by T. S. Ashton [and others.
260 ## - PUBLICATION, DISTRIBUTION, ETC. (IMPRINT)
Place of publication, distribution, etc. Chicago :
Name of publisher, distributor, etc. University of Chicago Press,
Date of publication, distribution, etc. c1954.
300 ## - PHYSICAL DESCRIPTION
Pagination vii, 187 p. ;
Size 20 cm.
504 ## - BIBLIOGRAPHY, ETC. NOTE
Bibliography, etc Bibliographical footnotes.
650 #0 - SUBJECT ADDED ENTRY--TOPICAL TERM
Topical term or geographic name as entry element Capitalism.
9 (RLIN) 6017
Topical term or geographic name as entry element Economic history
General subdivision Historiography.
9 (RLIN) 6047
Topical term or geographic name as entry element Working class
Geographic subdivision Great Britain.
9 (RLIN) 6048
Topical term or geographic name as entry element Factory system
Geographic subdivision Great Britain.
9 (RLIN) 6049
942 ## - ADDED ENTRY ELEMENTS (KOHA)
Source of classification or shelving scheme Dewey Decimal Classification
Koha item type Books
Holdings
Lost status Source of classification or shelving scheme Damaged status Not for loan Collection code Permanent Location Current Location Shelving location Date acquired Source of acquisition Cost, normal purchase price Total Checkouts Full call number Date last seen Copy number Koha item type
  Dewey Decimal Classification   Not For Loan Non-fiction Central Library, University of Rajshahi Central Library, University of Rajshahi Reading Room 17/11/1956 A. B. C. 8.80   330.15 HAC 1954 09/12/2013 C-1 Books
  Dewey Decimal Classification     Non-fiction Central Library, University of Rajshahi Central Library, University of Rajshahi   14/12/1970 Sweets & zeithinger 35.00   330.15 HAC 1954 20/12/2016 C-2 Books